|
|
|
|
| LEADER |
00000nam a22000005a 4500 |
| 001 |
2734 |
| 003 |
CL-ChBUA |
| 005 |
20120815102809.0 |
| 008 |
070301s1993 xxu 000 0dspa |
| 020 |
|
|
|a 1565071840
|
| 040 |
|
|
|a CL-ChBUA
|c CL-ChBUA
|
| 082 |
0 |
0 |
|a 289.9
|
| 090 |
|
|
|c 2734
|d 2734
|
| 100 |
1 |
|
|a Hanegraaff, Hank.
|
| 245 |
1 |
0 |
|a Cristianismo en crisis
|
| 260 |
|
|
|b Unilit.
|c c1993.
|
| 300 |
|
|
|a 482 p.
|c 20 cm.
|
| 504 |
|
|
|a Bibl., índice.
|
| 650 |
|
4 |
|a MOVIMIENTO DE LA FE - LITERATURA CONTROVERSIAL.
|
| 942 |
|
|
|c LIB
|
| 952 |
|
|
|0 0
|1 0
|4 0
|7 0
|9 4072
|a UNACH
|b UNACH
|c 200
|d 2007-03-05
|i 30.175.
|l 0
|o 289.9 / H 244.
|p 5071
|r 2012-12-27 00:00:00
|u 4072
|w 2012-08-08
|y LIB
|k 289.9 / H 244.
|
| 999 |
|
|
|c 2734
|d 2734
|